[Event "Zhukovsky op"]
[Site "Zhukovsky"]
[Date "2014.??.??"]
[Round "4"]
[White "Grafchikov, Alexey"]
[Black "Golyshikhin, Sergey"]
[Result "0-1"]
[WhiteElo "1697"]
[BlackElo "1838"]
[PlyCount "64"]
[EventDate "2014.08.08"]
[EventType "swiss"]
[EventRounds "9"]
[EventCountry "RUS"]
[SourceTitle "CBM 162 Extra"]
[Source "ChessBase"]
[SourceDate "2014.10.17"]
[SourceVersion "1"]
[SourceVersionDate "2014.10.17"]
[SourceQuality "1"]

1. e4 d6 2. f4 c5 3. Nf3 g6 4. Be2 Bg7 5. 0-0 Nf6 6. c3 0-0 7. d3 Nc6 8. Na3 a6 9. Nc4 d5 10. exd5 Nxd5 11. h3 Qc7 12. Ng5 b5 13. Na3 b4 14. cxb4 cxb4 15. Nc4 h6 16. Bf3 e6 17. Ne4 Nd4 18. Rb1 Rd8 19. Ne3 Nxf3+ 20. Qxf3 Bd4 21. Kh1 Bb7 22. Bd2 f5 23. Qg3 fxe4 24. Qxg6+ Qg7 25. Qxe6+ Qf7 26. Qxh6 Nxe3 27. Rfe1 Nxg2 28. Kxg2 e3+ 29. Kh2 exd2 30. Rg1+ Bg7 31. Rxg7+ Qxg7 32. Qe6+ Kh8 0-1

[Event "Zhukovsky op"]
[Site "Zhukovsky"]
[Date "2012.04.??"]
[Round "7"]
[White "Komyagin, Mikhail"]
[Black "Grafchikov, Alexey"]
[Result "0-1"]
[WhiteElo "1385"]
[BlackElo "1750"]
[PlyCount "100"]
[EventDate "2012.04.??"]
[EventType "swiss"]
[EventRounds "9"]
[EventCountry "RUS"]
[SourceTitle "EXT 2014"]
[Source "ChessBase"]
[SourceDate "2013.11.20"]
[SourceVersion "1"]
[SourceVersionDate "2013.11.20"]
[SourceQuality "1"]

1. e4 e5 2. Nf3 d6 3. Bc4 f5 4. d3 Nf6 5. Ng5 d5 6. exd5 Nxd5 7. Qf3 c6 8. Nc3 Bb4 9. Qh5+ g6 10. Qh6 Bxc3+ 11. bxc3 Qe7 12. 0-0 b5 13. Bb3 Qf8 14. Qxf8+ Kxf8 15. Ba3+ Kg7 16. Bd6 Re8 17. Rfe1 Nd7 18. f4 h6 19. Bxd5 cxd5 20. Nf3 e4 21. Nd4 a6 22. Nc6 Re6 23. Nb8 Rxd6 24. Nxd7 Rxd7 25. dxe4 dxe4 26. Rad1 Rxd1 27. Rxd1 Be6 28. a3 Kf8 29. Rd6 Ke7 30. Rb6 g5 31. Rb7+ Kf6 32. fxg5+ hxg5 33. Rb6 Ke5 34. Kf2 Rc8 35. Rxa6 Rxc3 36. Ra5 Rxc2+ 37. Ke1 Bc4 38. a4 Ra2 39. axb5 Rxa5 40. b6 Rb5 41. g3 Rxb6 42. h4 gxh4 43. gxh4 Rh6 44. h5 Rxh5 45. Kf2 f4 46. Ke1 Kd4 47. Kf2 Rh2+ 48. Ke1 Kd3 49. Kf1 Ke3+ 50. Ke1 Rh1# 0-1